000 00698nam a2200277Ia 4500
005 20260324112524.0
008 008 260324s9999 xx 000 0 eng d
020 _a9781003340201
037 _aEBOOK
040 _aCRL
040 _beng
040 _cCRL
041 _2eng
041 _aeng
084 _qCRL
100 _aJohn Oloche Onuh; Yashwant V. Pathak
_91143044
245 0 _aPlant Food Phytochemicals and Bioactive Compounds in Nutrition and Health
260 _bTaylor and Francis
260 _c2024
365 _a
365 _b450
856 _uhttp://www.taylorfrancis.com/books/9781003340201
942 _cEBOOK
999 _c1732283
_d1732283